002760000a22001210004500060000800000082001800008100002000026245002200046260003300068260000900101300000800110650003600118 a100 a637.095 4 WAR aWarner, James N aDairying in India aCalcutta, Mac Millan Company c1953 a380 aDairying - India/ dairy farming